| 000 | 01193nam a22001937a 4500 | ||
|---|---|---|---|
| 008 | 141111b xxu||||| |||| 00| 0 eng d | ||
| 020 | _a9781439816806 | ||
| 050 | _aQA278.A33 | ||
| 100 | _aAfifi, Abdelmonem. | ||
| 245 |
_aPractical multivariate analysis. / _cAbdelmonem Afifi, Susanne May and Virginia A. Clark. |
||
| 250 | _a5th ed. | ||
| 260 |
_aLondon: _bC.R.C. Press, _c2012. |
||
| 300 |
_axix, 517p.: _bill; _c24cm. |
||
| 500 | _aIncludes index | ||
| 505 | _aPreparation for analysis: What is multivariate analysis? -- Characterizing data for analysis -- Preparing for data analysis -- Data screening and transformations -- Selecting appropriate analysis -- Applied regression analysis: Simple regression and correlation -- Multiple regression and correlation -- Variable selection in regression -- Special regression topics -- Multivariate analysis: Canonical correlation analysis -- Discriminant analysis -- Logistic regression -- Regression analysis with survival data -- Principal components analysis -- Factor analysis -- Cluster analysis -- Log-linear analysis -- Correlated outcomes regression. | ||
| 700 | _aMay, Susanne. | ||
| 700 | _aClark, Virginia A. | ||
| 942 |
_2lcc _cBK |
||
| 999 |
_c5259 _d12759 |
||